[Event "Box Hill op"]
[Site "Box Hill"]
[Date "2001.09.28"]
[Round "4.9"]
[White "Dutka, Janusz"]
[Black "Armerman, Mendel"]
[Result "1-0"]
[WhiteElo "1869"]
[BlackElo "1564"]
[PlyCount "51"]
[EventDate "2001.09.??"]
[EventType "swiss"]
[EventRounds "7"]
[EventCountry "AUS"]
[SourceTitle "EXT 2003"]
[Source "ChessBase"]
[SourceDate "2002.11.25"]
[SourceVersion "1"]
[SourceVersionDate "2002.11.25"]
[SourceQuality "1"]

1. d4 Nf6 2. c4 g6 3. Nc3 Bg7 4. e4 d6 5. Nf3 0-0 6. Be2 e5 7. 0-0 Nc6 8. d5 Ne7 9. Ne1 Nd7 10. Be3 f5 11. f3 f4 12. Bf2 g5 13. a4 a5 14. Nd3 c5 15. dxc6 bxc6 16. b4 axb4 17. Nxb4 c5 18. Nbd5 Bb7 19. Nxe7+ Qxe7 20. Nb5 Bc6 21. Nxd6 Rxa4 22. Rxa4 Bxa4 23. Qxa4 Qxd6 24. Rd1 Nb6 25. Qb5 Qc7 26. Qxc5 1-0